| 000 | 00956nam a2200217Ia 4500 | ||
|---|---|---|---|
| 003 | Ost | ||
| 005 | 20260507075019.0 | ||
| 008 | 260507s9999||||xx |||||||||||||| ||und|| | ||
| 040 | _cfsecg | ||
| 041 | _aara | ||
| 082 | _a331.11 | ||
| 100 |
_aعبد الباقي، صلاح الدين محمد _eمؤلف |
||
| 245 | 0 |
_aالسلوك التنظيمي : _bمدخل تنظيمي معاصر / _c صلاح الدين محمد عبد الباقي |
|
| 260 |
_aالاسكندرية: _bدار الجامعة الجديدة, _c2003 |
||
| 300 |
_a444 صفحة؛ _c23 سم |
||
| 520 | _aأساسيات السلوك التنظيمي-المحددات الفردية لسلوك العاملين في المنظمات-المحددات الجماعية لسلوك العاملين في المنظمات-المحددات التنظيمية | ||
| 653 | _aادارة الافراد | ||
| 653 | _aالسلوك | ||
| 653 | _aتنظيم وادارة | ||
| 942 | _cكتاب | ||
| 999 |
_c42258 _d42258 |
||